000 00446nam a22001817a 4500
003 MPLRDC
005 20220104144204.0
008 210129b ||||| |||| 00| 0 eng d
020 _a962-644-022-8
082 _a229.3 STX
100 _a太虚大师
245 _a太虚自传
_c
250 _a初版
260 _a
_b介教慈 慧服务中心
_c1998
300 _b
650 _a佛教传记--中国僧伽传记
942 _cBK
_o229.3 STX
999 _c47240
_d47230